[Event "Kecskemet op"]
[Site "Kecskemet "]
[Date "1985.??.??"]
[Round "2"]
[White "Honfi, Karoly"]
[Black "Gyorkos, Lajos"]
[Result "1/2-1/2"]
[WhiteElo "2405"]
[BlackElo "2315"]

1.e4 c5 2.Nf3 Nc6 3.d4 cxd4 4.Nxd4 e6 5.Nc3 d6 6.Be3 Nf6 7.Be2 Be7 8.O-O O-O
9.Kh1 e5 10.Nb3 Be6 11.Bf3 Na5 12.Nxa5 Qxa5 13.Qd2 Qc7 14.a4 a6 15.a5 Rac8
16.Rfc1 Bc4 17.b3 Be6 18.Na4 Qc6 19.Nb6 Rc7 20.Nd5 Bxd5 21.exd5 Qc3 22.Qxc3 Rxc3
23.Bd2 Rc7 24.c4 Nd7 25.Be2 h6 26.Rc3 e4 27.Rd1 f5 28.Be3 Rcc8 29.Bd4 Kf7
30.f3 Bf6 31.fxe4 Rce8 32.Bf3 Bxd4 33.Rxd4 fxe4 34.Rxe4 Rxe4 35.Bxe4 Re8
36.Rf3+ Nf6 37.Bd3 Re1+ 38.Rf1 Rxf1+ 39.Bxf1 Ne4 40.Kg1 Kf6 41.Bd3 Nc5 42.Bc2 Ke5
43.Kf2 Kd4 44.Ke2 Kc3 45.Bd1 Kb4 46.Kd2 Kxa5 47.Kc3 Ne4+ 48.Kd4 Nc5  1/2-1/2

[Event "Kecskemet op"]
[Site "Kecskemet "]
[Date "1985.??.??"]
[Round "3"]
[White "Feher, Gyula"]
[Black "Horvath, Zoltan"]
[Result "0-1"]
[WhiteElo "2335"]
[BlackElo "2405"]

1.e4 c5 2.Nf3 e6 3.d4 cxd4 4.Nxd4 Nc6 5.Nc3 Qc7 6.Be3 a6 7.Be2 Nf6 8.O-O Be7
9.f4 d6 10.a4 O-O 11.Nb3 b6 12.Bf3 Rb8 13.Qe2 Na5 14.Rae1 Nc4 15.Bc1 b5 16.axb5 axb5
17.Kh1 b4 18.Nd1 e5 19.Ne3 Nxe3 20.Bxe3 Bb7 21.fxe5 dxe5 22.Bg5 Ra8 23.Ra1 Rfc8
24.Rxa8 Rxa8 25.Re1 Ba6 26.Qd2 Rd8 27.Qc1 Rd6 28.Bd2 Rc6 29.Qa1 Bb7 30.c3 Ra6
31.Qd1 Rb6 32.Be3 Rd6 33.Qc2 bxc3 34.bxc3 Rc6 35.Rc1 Ba3 36.Rd1 Rxc3 37.Qa2 Rxe3
38.Qxa3 g6 39.Qc5 Qxc5 40.Nxc5 Bxe4  0-1

[Event "Kecskemet op"]
[Site "Kecskemet "]
[Date "1985.??.??"]
[Round "10"]
[White "Vogt, Lothar"]
[Black "Van Mil, Johannes A J"]
[Result "0-1"]
[WhiteElo "2465"]
[BlackElo "2345"]

1.e4 c5 2.Nf3 e6 3.d4 cxd4 4.Nxd4 Nc6 5.Nc3 a6 6.g3 Nxd4 7.Qxd4 Ne7 8.Bf4 Nc6
9.Qd2 f6 10.Bd6 Bxd6 11.Qxd6 Qe7 12.Qd2 b5 13.Bg2 Ne5 14.O-O Bb7 15.Rad1 Qc5
16.Kh1 Bc6 17.Ne2 Nc4 18.Qc3 b4 19.Qd4 Qxd4 20.Nxd4 Bb7 21.Rc1 Rc8 22.b3 Nd6
23.f3 Ke7 24.Ne2 Nb5 25.c4 bxc3 26.a4 Na7 27.Nxc3 Rc6 28.Na2 Rhc8 29.Rxc6 Rxc6
30.Rc1 Rd6 31.h4 Nc6 32.Rc3 Rd2 33.Nc1 Nd4 34.b4 Bc6 35.b5 axb5 36.axb5 Nxb5
37.Rd3 Rb2 38.Nb3 Nd6 39.Nd4 Bb7 40.Rb3 Rd2 41.Nb5 Nf7 42.Nc3 Bc6 43.Rb1 Ne5
44.Rd1 Rc2 45.Nb1 f5 46.Kg1 fxe4 47.fxe4 Ng4 48.Re1 Nf6 49.Na3 Rc3  0-1

[Event "Portoroz/Ljubljana"]
[Site "Ljubljana"]
[Date "1985.??.??"]
[Round "10"]
[White "Parma, Bruno"]
[Black "Ribli, Zoltan"]
[Result "1/2-1/2"]
[WhiteElo "2490"]
[BlackElo "2615"]

1.e4 c5 2.Nf3 e6 3.d4 cxd4 4.Nxd4 Nc6 5.Nc3 d6 6.Be2 Nf6 7.O-O Be7 8.Be3 O-O
9.f4 a6 10.a4 Qc7 11.Kh1 Re8 12.Qe1 Nxd4 13.Bxd4 e5 14.fxe5 dxe5 15.Be3  1/2-1/2

[Event "Lugano op"]
[Site "Lugano"]
[Date "1985.??.??"]
[Round "2"]
[White "Rhodin, Christian"]
[Black "Covic, Darko"]
[Result "0-1"]
[WhiteElo "2285"]
[BlackElo "2400"]

1.e4 c5 2.Nf3 e6 3.d4 cxd4 4.Nxd4 Nc6 5.Nc3 d6 6.Be2 Nf6 7.Be3 Be7 8.O-O O-O
9.f4 a6 10.Qe1 Bd7 11.Qg3 b5 12.a3 Nxd4 13.Bxd4 Bc6 14.Bf3 Rc8 15.Rad1 Qc7
16.Kh1 a5 17.e5 dxe5 18.fxe5 Nd7 19.Bxc6 Qxc6 20.Rf4 g6 21.Ne4 Qxc2 22.Rdf1 Qe2
23.Nf6+ Nxf6 24.exf6 Bd6 25.R4f2 Qxf1+  0-1

[Event "WchT U26"]
[Site "Mendoza"]
[Date "1985.??.??"]
[Round "2"]
[White "Renet, Olivier"]
[Black "Sokolov, Andrei"]
[Result "0-1"]
[WhiteElo "2375"]
[BlackElo "2550"]

1.e4 c5 2.Nf3 e6 3.d4 cxd4 4.Nxd4 Nc6 5.Nc3 a6 6.f4 Nxd4 7.Qxd4 b5 8.a3 Bb7
9.Be2 Rc8 10.Be3 Nf6 11.Bf3 Rc4 12.Qd3 Qa8 13.Bd4 Qc8 14.g4 h6 15.h4 Qc7
16.Be5 d6 17.Bxf6 gxf6 18.O-O-O b4 19.axb4 Rxb4 20.f5 Be7 21.Rhf1 e5 22.g5 Qa5
23.Kb1 hxg5 24.hxg5 Rh2 25.Rd2 Rxd2 26.Qxd2 Ra4 27.Kc1 Ra1+ 28.Nb1 Rxb1+  0-1

[Event "WchT U26"]
[Site "Mendoza"]
[Date "1985.??.??"]
[Round "6"]
[White "Kivisto, Mikko"]
[Black "Franzoni, Giancarlo"]
[Result "1/2-1/2"]
[WhiteElo "2250"]
[BlackElo "2345"]

1.e4 c5 2.Nf3 e6 3.d4 cxd4 4.Nxd4 Nc6 5.Nc3 Qc7 6.g3 a6 7.Bg2 d6 8.O-O Bd7
9.Nde2 Nf6 10.h3 Be7 11.Be3 O-O 12.g4 h6 13.f4 Nh7 14.Qd2 Na5 15.b3 Rac8
16.Rad1 Rfd8 17.Nb1 b5 18.Ng3 Nb7 19.c3 Nc5 20.Qf2  1/2-1/2

[Event "WchT U26"]
[Site "Mendoza"]
[Date "1985.??.??"]
[Round "7"]
[White "Paavilainen, Jorma"]
[Black "Bischoff, Klaus"]
[Result "1/2-1/2"]
[WhiteElo "2315"]
[BlackElo "2415"]

1.e4 c5 2.Nf3 e6 3.d4 cxd4 4.Nxd4 Nc6 5.Nc3 Qc7 6.Be2 a6 7.O-O Nf6 8.Be3 Bb4
9.Nxc6 bxc6 10.f4 Rb8 11.e5 Nd5 12.Nxd5 cxd5 13.Bd4 Bc5 14.b3 O-O 15.c3 f6
16.Qd2 d6 17.Qe3 Bb6 18.Kh1 a5 19.Bd3 Bd7 20.Rac1  1/2-1/2

[Event "Sokolsky mem"]
[Site "Minsk"]
[Date "1985.??.??"]
[Round "?"]
[White "Efimov, Igor"]
[Black "Mochalov, Evgeny V"]
[Result "0-1"]
[WhiteElo "2405"]
[BlackElo "2420"]

1.d4 e6 2.Nf3 c5 3.e4 cxd4 4.Nxd4 Nc6 5.Nc3 d6 6.Be3 Nf6 7.Qf3 Be7 8.O-O-O O-O
9.Qg3 Nxd4 10.Bxd4 Qa5 11.e5 dxe5 12.Qxe5 Qxe5 13.Bxe5 b6 14.f3 Bb7 15.Bc4 Rfc8
16.Bb3 Bc6 17.a4 Nd7 18.Bd6 Bxd6 19.Rxd6 Nc5 20.Kb1 Nxb3 21.cxb3 Kf8 22.b4 Ke7
23.Rhd1 h6 24.b5 Be8 25.Kc2 Rd8 26.R6d4 f6 27.a5 Bg6+ 28.Kb3 e5 29.Rxd8 Rxd8
30.axb6 axb6 31.Ra1 Rd2 32.Ra7+ Kf8 33.Rb7 Rxg2 34.Rxb6 Bh5 35.Rb8+ Ke7 36.b6 Kd7
37.Kc4 Bxf3 38.b4 Rb2 39.b5 g5 40.Rf8 Ke7 41.Rg8 Ke6 42.Rc8 Rd2 43.Rc6+ Kf5
44.b7 Rd8 45.Rb6 Rb8 46.Nd5 Kg4 47.Nxf6+ Kh3 48.Nd5 h5 49.Kc5 h4 50.Rg6 g4
51.Ne3  0-1

[Event "Sokolsky mem"]
[Site "Minsk"]
[Date "1985.??.??"]
[Round "?"]
[White "Efimov, Igor"]
[Black "Cherepkov, Alexander V"]
[Result "0-1"]
[WhiteElo "2405"]
[BlackElo "2415"]

1.e4 c5 2.Nf3 e6 3.d4 cxd4 4.Nxd4 Nc6 5.Nc3 a6 6.Be3 Qc7 7.f4 b5 8.Qf3 Bb7
9.Bd3 Nf6 10.a4 Nxd4 11.Bxd4 b4 12.Ne2 Bc5 13.Qe3 d6 14.h3 Rc8 15.O-O O-O
16.Kh1 e5 17.fxe5 dxe5 18.Bxc5 Qxc5 19.Qf3 Ne8 20.Ng3 Nd6 21.Nh5 f5 22.Qg3 Rf7
23.exf5 e4 24.Be2 Nxf5 25.Rxf5 Qxf5 26.Bg4 Qc5 27.Bxc8 Bxc8 28.Qh4 e3 29.Rd1 e2
30.Rd8+ Rf8 31.Rxf8+ Kxf8 32.Nf4 Qd4 33.Ne6+ Bxe6 34.Qxd4 e1=Q+ 35.Kh2 Kf7  0-1

[Event "URS-chI"]
[Site "Minsk"]
[Date "1985.??.??"]
[Round "9"]
[White "Azmaiparashvili, Zurab"]
[Black "Gulko, Boris F"]
[Result "1-0"]
[WhiteElo "2465"]
[BlackElo "2495"]

1.d4 e6 2.Nf3 c5 3.e4 cxd4 4.Nxd4 Nc6 5.Nc3 d6 6.Be3 Nf6 7.Bc4 a6 8.Qe2 Na5
9.Bd3 b5 10.O-O-O b4 11.Na4 Bd7 12.b3 Bxa4 13.bxa4 Qc8 14.Nb3 Nc6 15.f4 Be7
16.g4 Nd7 17.e5 d5 18.Rhf1 Qb7 19.Qf2 Qc7 20.Kb1 g6 21.h4 Rf8 22.h5 Kd8 23.Rc1 Qb7
24.Rfd1 Rb8 25.Qe2 Ra8 26.a5 Rg8 27.Ka1 Ke8 28.c4 d4 29.Nxd4 Nxa5 30.f5 gxf5
31.gxf5 Rg2 32.Bf2 Nc5 33.fxe6 b3 34.Rb1 Rb8 35.Rb2 fxe6 36.Bxh7 Bh4 37.Bg6+ Kf8
38.Nxe6+ Nxe6 39.Qd3 Kg8 40.Be4 Nf4 41.Qd6 Be7 42.Bxb7 Bxd6 43.Bxg2 Ba3 44.Rbd2 b2+
45.Kb1 Nxg2 46.Ba7 Rb7 47.Rxg2+ Kh7 48.e6 Rxa7 49.Rd7+ Rxd7 50.exd7  1-0

[Event "Montpellier zt"]
[Site "Montpellier"]
[Date "1985.??.??"]
[Round "?"]
[White "Kuijf, Marinus"]
[Black "Langeweg, Kick"]
[Result "0-1"]
[WhiteElo "2405"]
[BlackElo "2390"]

1.e4 c5 2.Nf3 e6 3.d4 cxd4 4.Nxd4 Nc6 5.Nc3 Qc7 6.Be2 a6 7.O-O Nf6 8.Kh1 d6
9.f4 Be7 10.Be3 O-O 11.Qe1 Nxd4 12.Bxd4 b5 13.Qg3 Bb7 14.a3 Bc6 15.Rae1 Qb7
16.Bf3 Rad8 17.Re2 a5 18.Rfe1 g6 19.Qh3 Rfe8 20.Qh6 Bf8 21.Qg5 Nd7 22.Nd5 e5
23.Bc3 b4 24.axb4 Bxd5 25.exd5 axb4 26.Bd2 Rc8 27.c3 b3 28.Qg3 Bg7 29.f5 Nc5
30.Be3 Nd3 31.Rd1 e4 32.Bxe4 Nxb2 33.fxg6 hxg6 34.Rxb2 Rxe4 35.Bd4  0-1

[Event "Munich op"]
[Site "Munich"]
[Date "1985.??.??"]
[Round "?"]
[White "Zollbrecht, Josef"]
[Black "Schmid, Guenter"]
[Result "1/2-1/2"]
[WhiteElo "2200"]
[BlackElo "2235"]

1.e4 c5 2.Nc3 e6 3.Nf3 Nc6 4.d4 cxd4 5.Nxd4 Nf6 6.Ndb5 d6 7.Bf4 e5 8.Bg5 a6
9.Na3 b5 10.Nd5 Be7 11.Nxe7 Nxe7 12.f3 d5 13.exd5 Nexd5 14.c4 bxc4 15.Nxc4 O-O
16.Be2 Qc7 17.O-O Bf5 18.Kh1 Rfd8 19.Qa4 h6 20.Bd2 Qe7 21.Ne3 Bd7 22.Nxd5 Nxd5
23.Qa5 Bb5 24.Rfe1 Qb7 25.Bd1 Ne7 26.Be3 Rab8 27.Bc2 Nc6 28.Qa3 Nd4 29.Be4 Bc6
30.Bxc6 Qxc6 31.Rac1 Qg6 32.Qa5 Nc2 33.Re2 Nxe3 34.Rxe3 Qg5 35.Qxe5 Qxe5
36.Rxe5 Rxb2 37.a4 Rdd2 38.Rg1  1/2-1/2

[Event "DEN-ch"]
[Site "Naestved"]
[Date "1985.??.??"]
[Round "?"]
[White "Kristiansen, Jens"]
[Black "Brinck Claussen, Bjorn"]
[Result "1-0"]
[WhiteElo "2455"]
[BlackElo "2380"]

1.e4 c5 2.Nf3 e6 3.d4 cxd4 4.Nxd4 Nc6 5.Nc3 Qc7 6.Be2 a6 7.O-O Nf6 8.Kh1 Be7
9.f4 d6 10.Bf3 O-O 11.a4 Rd8 12.Be3 Bd7 13.Qe2 Nxd4 14.Bxd4 e5 15.Be3 Be6
16.Qf2 Qc4 17.f5 Bd7 18.Bb6 Rdc8 19.g4 Bc6 20.Rfe1 Nd7 21.Be3 b5 22.axb5 axb5
23.g5 Bd8 24.f6 b4 25.Nd5 Bxd5 26.exd5 gxf6 27.gxf6 Bxf6 28.Rg1+ Kf8 29.Raf1 Bh4
30.Qg2 Nf6 31.Bh5 Ke7 32.Bxf7 Rg8 33.Bxg8 Rxg8 34.Qf3 Rxg1+ 35.Kxg1 Qxc2
36.Rc1 Qb3 37.Qh3  1-0

[Event "DEN-ch"]
[Site "Naestved"]
[Date "1985.??.??"]
[Round "?"]
[White "Reinert, Mads"]
[Black "Brinck Claussen, Bjorn"]
[Result "1/2-1/2"]
[WhiteElo "2260"]
[BlackElo "2380"]

1.e4 c5 2.Nf3 e6 3.d4 cxd4 4.Nxd4 Nc6 5.Nc3 a6 6.Be2 Nge7 7.f4 b5 8.O-O Bb7
9.Kh1 Nxd4 10.Qxd4 Nc6 11.Qf2 Be7 12.Qg3 O-O 13.Bd3 f6 14.a3 b4 15.Nd1 Qc7
16.Qh3 Nd4 17.Ne3 a5 18.f5 exf5 19.Nxf5 Nxf5 20.Rxf5 g6 21.Rf1 bxa3 22.bxa3 Bd6
23.Bb2 Be5 24.Bxe5 fxe5 25.Qe3 d6 26.Rab1 Bc6 27.Bc4+ Kg7 28.Qd3  1/2-1/2

[Event "Naestved"]
[Site "Naestved"]
[Date "1985.??.??"]
[Round "4"]
[White "Larsen, Bent"]
[Black "Nunn, John DM"]
[Result "1/2-1/2"]
[WhiteElo "2565"]
[BlackElo "2600"]

1.e4 c5 2.Nf3 e6 3.Nc3 Nc6 4.d4 cxd4 5.Nxd4 Nf6 6.Ndb5 d6 7.Bf4 e5 8.Bg5 a6
9.Na3 b5 10.Nd5 Be7 11.Bxf6 Bxf6 12.c3 O-O 13.Nc2 Rb8 14.Be2 Bg5 15.O-O Be6
16.Qd3 a5 17.Rad1 g6 18.a3 Kh8 19.b4 Qd7 20.Qg3 Bd8 21.Kh1 f5 22.exf5 gxf5
23.f4 Qf7 24.Nce3 axb4 25.axb4 Ne7 26.c4 bxc4 27.Bxc4 Ng6 28.Qh3 exf4 29.Nxf4 Nxf4
30.Rxf4 Bg5 31.Bxe6 Qxe6 32.Rf3 Rxb4 33.Rxf5 Rxf5 34.Qxf5 Qxf5 35.Nxf5 Bf4
36.g3 Be5 37.Rc1 Rb8 38.Kg2 Rf8 39.Ne3 Kg7 40.Rc4 h5 41.Ra4 Kg6 42.Nc4 Rc8
43.Kf3 Rf8+ 44.Ke2 Re8 45.Kd3 Rf8 46.Nxe5+ dxe5 47.Ke4 h4 48.Ra6+  1/2-1/2

[Event "Naestved"]
[Site "Naestved"]
[Date "1985.??.??"]
[Round "7"]
[White "Chandler, Murray G"]
[Black "Andersson, Ulf"]
[Result "1/2-1/2"]
[WhiteElo "2525"]
[BlackElo "2590"]

1.e4 c5 2.Nf3 e6 3.d4 cxd4 4.Nxd4 Nc6 5.Nc3 a6 6.f4 Nxd4 7.Qxd4 b5 8.Bd3 Bb7
9.a3 Rc8 10.Bd2 Nf6 11.b4 d5 12.e5 Ne4 13.Bxe4 dxe4 14.Qxd8+ Kxd8 15.O-O-O Rc4
16.Be3+ Kc8 17.Kb2 Be7 18.Kb3 Kb8 19.Rd4 Rxd4 20.Bxd4 Rd8 21.Be3 Bc6 22.Re1  1/2-1/2

[Event "Naleczow"]
[Site "Naleczow"]
[Date "1985.??.??"]
[Round "5"]
[White "Przewoznik, Jan"]
[Black "Hawelko, Marek"]
[Result "1/2-1/2"]
[WhiteElo "2405"]
[BlackElo "2420"]

1.e4 c5 2.Nf3 Nc6 3.d4 cxd4 4.Nxd4 e6 5.Nc3 d6 6.Be2 Nf6 7.Be3 Be7 8.O-O O-O
9.Nb3 a6 10.a4 b6 11.f4 Bb7 12.Bf3 Rc8 13.Qe2 Qc7 14.Rfd1 Rfe8 15.Qf2 Nd7
16.Rd2 Na5 17.Bxb6 Nxb6 18.Nxa5 Ba8 19.Kh1 d5 20.exd5 exd5 21.Nb3 Bd6 22.Rd4 Qb8
23.a5 Nc4 24.Nxd5 Bxd5 25.Bxd5 Ne3 26.Be4 Bxf4 27.Bd3 Nxc2 28.Bxc2 Be3 29.Bxh7+ Kxh7
30.Qf5+ Kg8 31.Rd3 Bc1 32.Qf1 Bxb2 33.Rb1 Bf6 34.Nc5 Rxc5 35.Rxb8 Rxb8 36.Qe1 Rxa5
37.Rd1 Rab5  1/2-1/2

[Event "New York Manhattan"]
[Site "New York"]
[Date "1985.??.??"]
[Round "8"]
[White "London, Dimitri"]
[Black "Lau, Ralf"]
[Result "1-0"]
[WhiteElo "2375"]
[BlackElo "2410"]

1.e4 c5 2.Nf3 e6 3.d4 cxd4 4.Nxd4 Nc6 5.Nc3 d6 6.Be3 Nf6 7.Bc4 a6 8.Qe2 Be7
9.O-O-O O-O 10.Bb3 Qe8 11.Rhg1 Nd7 12.g4 Nc5 13.g5 b5 14.Nxc6 Nxb3+ 15.axb3 Qxc6
16.Bd4 Re8 17.Qh5 g6 18.Qh6 Bf8 19.Qh4 b4 20.Rd3 bxc3 21.Qxh7+  1-0

[Event "Nis"]
[Site "Nis"]
[Date "1985.??.??"]
[Round "?"]
[White "Marjanovic, Slavoljub"]
[Black "Kirov, Nino"]
[Result "1/2-1/2"]
[WhiteElo "2505"]
[BlackElo "2435"]

1.e4 c5 2.Nf3 e6 3.d4 cxd4 4.Nxd4 Nc6 5.Nc3 Qc7 6.Be2 a6 7.O-O Nf6 8.Be3 Bb4
9.Na4 O-O 10.Nxc6 bxc6 11.Nb6 Rb8 12.Nxc8 Rfxc8 13.Bxa6 Rf8 14.Bd3 Bd6 15.f4 e5
16.f5 Rxb2 17.g4 h6 18.g5 hxg5 19.Bxg5 Be7  1/2-1/2

[Event "JUG-ch"]
[Site "Novi Sad"]
[Date "1985.??.??"]
[Round "?"]
[White "Filipovic, Branko"]
[Black "Ivanovic, Bozidar"]
[Result "1/2-1/2"]
[WhiteElo "2395"]
[BlackElo "2515"]

1.e4 c5 2.Nf3 e6 3.d4 cxd4 4.Nxd4 Nc6 5.Nc3 Qc7 6.Be2 a6 7.a4 b6 8.Be3 Bb7
9.Nxc6 Bxc6 10.Qd4 Nf6 11.O-O Bc5 12.Qd3 Bb4 13.Qd4 Bc5 14.Qd3 O-O 15.Bxc5 bxc5
16.f4 d6 17.Bf3 Rfd8 18.Qe2 Rab8 19.b3 Qa5 20.Qe1 c4 21.e5 Bxf3 22.exf6 Ba8
23.Qg3 g6 24.Rae1 Qf5 25.Qh4 cxb3 26.Ne2 bxc2 27.Nd4 Qc5 28.f5 Rb4 29.Qh6 Qxd4+
30.Rf2 Qxf6 31.fxe6 Qxf2+ 32.Kxf2 fxe6 33.Rxe6 Rf8+ 34.Kg3 Rb3+ 35.Kh4 Rb7
36.Re1 Rb4+ 37.g4 Be4 38.Qd2 Rc4 39.Rxe4 Rxe4 40.Qxc2 d5 41.Qc6 Rfe8 42.Qxd5+ Kh8
43.Qb7  1/2-1/2

[Event "NZD-ch"]
[Site "?"]
[Date "1985.??.??"]
[Round "?"]
[White "Small, Vernon A"]
[Black "Stuart, Peter"]
[Result "1-0"]
[WhiteElo "2360"]
[BlackElo "2225"]

1.e4 c5 2.Nf3 e6 3.d4 cxd4 4.Nxd4 Nc6 5.Nc3 Qc7 6.Be2 a6 7.O-O b5 8.Nxc6 Qxc6
9.Bf3 Bb7 10.Bf4 d6 11.Re1 e5 12.Be3 Be7 13.a4 bxa4 14.Rxa4 h6 15.Qd2 Nf6
16.Rea1 O-O 17.Nd5 Nxd5 18.exd5 Qc8 19.Bxh6 gxh6 20.Qxh6 f5 21.Qg6+ Kh8 22.Rg4 fxg4
23.Be4 Rf7 24.Qxf7 Qg8 25.Qxe7  1-0

[Event "NZD-ch"]
[Site "?"]
[Date "1985.??.??"]
[Round "?"]
[White "Dowden, R Anthony"]
[Black "Small, Vernon A"]
[Result "0-1"]
[WhiteElo "2220"]
[BlackElo "2360"]

1.e4 c5 2.Nc3 Nc6 3.Nf3 e6 4.d4 cxd4 5.Nxd4 a6 6.f4 d5 7.Be3 Bb4 8.e5 Nge7
9.a3 Bxc3+ 10.bxc3 Nxd4 11.Bxd4 Qa5 12.Be2 Nf5 13.O-O Bd7 14.Qb1 Bb5 15.Bxb5+ axb5
16.Bc5 h5 17.g3 Kd7 18.Rf3 Rhc8 19.Bb4 Qb6+ 20.Kh1 Rc4 21.Qg1 Qc6 22.Qg2 Re4
23.Qf2 b6 24.Kg1 Kc7 25.Rd3 Kb7 26.Re1 Rxe1+ 27.Qxe1 Rg8 28.Qd1 g6 29.Qf3 Qc4
30.Kf2 Ka6 31.Rd1 g5 32.Qxh5 gxf4 33.Rd3 fxg3+ 34.hxg3 Qe4 35.Qxf7 Rh8 36.Rf3 Qxc2+
37.Kg1 Qd1+ 38.Rf1 Rh1+ 39.Kxh1 Qxf1+ 40.Kh2 Qf2+  0-1

[Event "NZD-ch"]
[Site "?"]
[Date "1985.??.??"]
[Round "?"]
[White "Cornford, Lindsay H"]
[Black "Stuart, Peter"]
[Result "0-1"]
[WhiteElo "2220"]
[BlackElo "2225"]

1.e4 c5 2.Nf3 e6 3.d4 cxd4 4.Nxd4 Nc6 5.Nc3 a6 6.g3 Qc7 7.Bg2 Nf6 8.O-O Be7
9.Re1 Nxd4 10.Qxd4 Bc5 11.Qd1 d6 12.Be3 e5 13.Na4 Be6 14.Nxc5 dxc5 15.Qd2 Ng4
16.Qc3 Nxe3 17.Rxe3 O-O 18.Rd1 Rfd8 19.Red3 Rxd3 20.Qxd3 Kf8 21.b3 Ke7 22.Qe3 f6
23.h4 Rd8 24.Rxd8 Kxd8 25.Qd2+ Ke7 26.Kf1 Qd6 27.Ke1 Qd4 28.c3 Qxd2+ 29.Kxd2 Kd6
30.Bf1 Kc6 31.Be2 b5 32.Ke3 a5 33.c4 b4 34.Bh5 Bd7 35.Bf7 Kd6 36.Bh5 a4 37.Bd1 a3
38.Be2 Be6 39.Bd3 Ke7 40.Be2 Kf8 41.Bd3 Kf7 42.Be2 Kg6 43.Bd3 Kh6 44.f4 Bg4
45.Be2 Kh5 46.Bf3 g6 47.f5 g5 48.Bxg4+ Kxg4 49.hxg5 Kxg5 50.Kf3 Kh5 51.Kg2 Kg4
52.Kf2 h5 53.Kg2 h4 54.gxh4 Kxh4 55.Kf3 Kh3  0-1

[Event "NZD-ch"]
[Site "?"]
[Date "1985.??.??"]
[Round "?"]
[White "Pomeroy, Arthur"]
[Black "Small, Vernon A"]
[Result "0-1"]
[WhiteElo "2200"]
[BlackElo "2360"]

1.e4 c5 2.Nf3 e6 3.d4 cxd4 4.Nxd4 Nc6 5.Nc3 a6 6.Be2 d6 7.O-O Nf6 8.Be3 Be7
9.f4 O-O 10.Kh1 Bd7 11.Qe1 b5 12.a3 Qb8 13.Qg3 b4 14.axb4 Qxb4 15.Ra4 Qxb2
16.Rb1 Qxc3 17.Rb3 Nxd4 18.Rxd4 Qxc2 19.Bc1 Qc6 20.Bf3 d5 21.f5 dxe4 22.Bh6 g6
23.fxg6 fxg6 24.Be2 Rfc8 25.h4 Be8 26.h5 Rd8 27.Rc3 Qb6 28.Rdc4 Kf7 29.hxg6+ hxg6
30.Bf4 Bb5 31.Rc7 Rh8+  0-1

[Event "NZD-ch"]
[Site "?"]
[Date "1985.??.??"]
[Round "?"]
[White "Lloyd, Adrian"]
[Black "Stuart, Peter"]
[Result "1-0"]
[WhiteElo "2200"]
[BlackElo "2225"]

1.e4 c5 2.Nf3 Nc6 3.d4 cxd4 4.Nxd4 e6 5.Nc3 a6 6.g3 Qc7 7.Bg2 Nf6 8.O-O Be7
9.Re1 Nxd4 10.e5 Nb5 11.exf6 gxf6 12.Nxb5 axb5 13.Qg4 Bf8 14.Qh4 Bg7 15.Bh6 Bxh6
16.Qxf6 O-O 17.Re4 Ra4 18.b4 Qxc2 19.Qxh6 f5 20.Rh4 Kf7 21.Qg5 Rh8 22.Rc1 Qb2
23.f3 Qf6 24.Qd2 Kg7 25.Rxc8 Rxc8 26.Qxd7+  1-0

[Event "NZD-ch"]
[Site "?"]
[Date "1985.??.??"]
[Round "?"]
[White "Dowden, R Anthony"]
[Black "Stuart, Peter"]
[Result "1/2-1/2"]
[WhiteElo "2220"]
[BlackElo "2225"]

1.e4 c5 2.Nf3 e6 3.Nc3 Nc6 4.d4 cxd4 5.Nxd4 Qc7 6.Be2 a6 7.Be3 Nf6 8.O-O Bb4
9.Nxc6 bxc6 10.Na4 Be7 11.Nb6 Rb8 12.Nxc8 Qxc8 13.e5  1/2-1/2

[Event "Paz e Amizade"]
[Site "Paz e Amizade"]
[Date "1985.??.??"]
[Round "?"]
[White "Davies, Nigel R"]
[Black "Taimanov, Mark E"]
[Result "1/2-1/2"]
[WhiteElo "2355"]
[BlackElo "2490"]

1.e4 c5 2.Nf3 Nc6 3.d4 cxd4 4.Nxd4 e6 5.Nc3 a6 6.Be2 Qc7 7.f4 b5 8.Be3 Bb7
9.O-O Bc5 10.Nf5 Nce7 11.Bxc5 Qxc5+ 12.Qd4 Qxd4+ 13.Nxd4 b4 14.Na4  1/2-1/2

[Event "Paz e Amizade"]
[Site "Paz e Amizade"]
[Date "1985.??.??"]
[Round "?"]
[White "Silva, Fernando"]
[Black "Elguezabal Varela, Daniel"]
[Result "1-0"]
[WhiteElo "2290"]
[BlackElo "2285"]

1.e4 c5 2.Nc3 e6 3.Nf3 Nc6 4.d4 cxd4 5.Nxd4 Nf6 6.Be2 Bb4 7.Nxc6 bxc6 8.O-O Bxc3
9.bxc3 Nxe4 10.Qd4 d5 11.Qxg7 Qf6 12.Qxf6 Nxf6 13.Bf4 Ne4 14.Bd3 Ke7 15.Rfe1 Nc5
16.Bf1 f6 17.c4 d4 18.c3 dxc3 19.Rac1 Ne4 20.Bc7 a5 21.c5 Nxc5 22.Rxc3 Na6
23.Bxa5 Bd7 24.Rg3 Kf7 25.Rd1 Nb8 26.Bc7 Ra7 27.Bd6 e5 28.Rb1 Na6 29.Bc4+ Be6
30.Bxa6 Rd8 31.Be2 Rxd6 32.Bh5+  1-0

[Event "SVK-ch"]
[Site "Piestany"]
[Date "1985.??.??"]
[Round "4"]
[White "Banas, Jan"]
[Black "Petrik, Stanislav"]
[Result "1/2-1/2"]
[WhiteElo "2390"]
[BlackElo "2200"]

1.e4 c5 2.Nf3 e6 3.Nc3 Nc6 4.d4 cxd4 5.Nxd4 a6 6.Be3 Nge7 7.Be2 b5 8.Nb3 Na5
9.Nxa5 Qxa5 10.O-O Bb7 11.a3 Ng6 12.f4 Qc7 13.Qd2 Bc5 14.Rad1 O-O 15.Kh1 Bxe3
16.Qxe3 f5 17.e5 Rad8 18.Rd6 Ne7 19.Qb6 Qxb6 20.Rxb6 Rb8 21.Rd6 Bc6 22.Bf3 b4
23.axb4 Rxb4 24.Bxc6 Nxc6 25.Nd1 Rd4 26.Rxd4 Nxd4 27.Ne3 Rb8 28.Rd1 Ne2 29.b3 Nxf4
30.Rxd7 Rb5 31.Nc4 Rd5 32.Rd6 Kf8 33.g3 Rxd6 34.exd6 Ne2 35.Ne5 Nd4 36.Nd7+ Ke8
37.Nc5 Nxc2 38.Nxe6 Kd7 39.Nc5+ Kxd6 40.Nxa6 Nd4 41.b4 Kc6  1/2-1/2

[Event "Nordic-chT"]
[Site "Pohja"]
[Date "1985.??.??"]
[Round "?"]
[White "Sznapik, Aleksander"]
[Black "Hansen, Curt"]
[Result "0-1"]
[WhiteElo "2465"]
[BlackElo "2500"]

1.e4 c5 2.Nf3 e6 3.d4 cxd4 4.Nxd4 Nc6 5.Nc3 a6 6.Be2 Qc7 7.O-O Nf6 8.Be3 d6
9.f4 Be7 10.Kh1 O-O 11.Qe1 Nxd4 12.Bxd4 b5 13.a3 Bb7 14.Qg3 Rad8 15.Rae1 Bc6
16.Bd3 Qb7 17.Qh3 g6 18.Rf3 b4 19.Nd1 bxa3 20.bxa3 Qc7 21.e5 dxe5 22.Bxe5 Qa5
23.Rfe3 Nh5 24.f5 Bg5 25.Bc3 Qc7 26.fxg6 hxg6 27.R3e2 Bb5 28.Bxb5 axb5 29.Nf2 Bf6
30.Bxf6 Nxf6 31.Qb3 Rd5 32.Ne4 Nxe4 33.Rxe4 Rc8 34.R4e2 Qa5 35.Qg3 Qc3 36.Re3 Qxc2
37.h4 Rc4 38.Re5 Rxe5 39.Rxe5 Qd1+ 40.Kh2 Qd4 41.Rxb5 Qxh4+  0-1

[Event "Nordic-chT"]
[Site "Pohja"]
[Date "1985.??.??"]
[Round "?"]
[White "Mortensen, Erling"]
[Black "Pirttimaki, Timo"]
[Result "1-0"]
[WhiteElo "2450"]
[BlackElo "2325"]

1.e4 c5 2.Nc3 e6 3.Nf3 Nc6 4.d4 cxd4 5.Nxd4 a6 6.Be2 d6 7.Be3 Nf6 8.f4 Be7
9.Qd2 Qc7 10.O-O-O O-O 11.g4 b5 12.g5 Nd7 13.f5 b4 14.Na4 Nxd4 15.Bxd4 exf5
16.exf5 Bb7 17.Rhg1 d5 18.f6 Bd6 19.fxg7 Rfe8 20.Rg4 Bc6 21.Bd3 Ne5 22.Bxe5 Rxe5
23.Rh4 Bxa4 24.Bxh7+ Kxg7 25.g6 Rh5 26.gxf7 Qxf7 27.Rg1+ Kh8 28.Qd4+ Be5
29.Qxe5+ Rxe5 30.Bf5+  1-0

[Event "DSV-Turnier"]
[Site "Potsdam"]
[Date "1985.??.??"]
[Round "9"]
[White "Tischbierek, Raj"]
[Black "Kirov, Nino"]
[Result "1/2-1/2"]
[WhiteElo "2460"]
[BlackElo "2435"]

1.e4 c5 2.Nf3 e6 3.d4 cxd4 4.Nxd4 Nc6 5.Nc3 a6 6.Be2 Qc7 7.O-O Nf6 8.Kh1 Be7
9.f4 d6 10.Be3 O-O 11.Qe1 Nxd4 12.Bxd4 e5 13.fxe5 dxe5 14.Qg3 Bd6 15.Be3 Ne8
16.Nd5 Qxc2 17.Bh6 Kh8 18.Bd3 Qxb2 19.Rab1 Qd4 20.Rf6 Be6 21.Bxg7+ Nxg7 22.Rh6  1/2-1/2

[Event "Poznan"]
[Site "Poznan"]
[Date "1985.??.??"]
[Round "3"]
[White "Lanc, Alois"]
[Black "Ksieski, Zbigniew"]
[Result "1/2-1/2"]
[WhiteElo "2385"]
[BlackElo "2380"]

1.e4 c5 2.Nf3 e6 3.d4 cxd4 4.Nxd4 Nc6 5.Nc3 d6 6.Be3 Nf6 7.Bc4 Be7 8.Qd2 O-O
9.O-O-O Qc7 10.Bb3 a6 11.g4 Nd7 12.Rhg1 Nc5 13.Nf5 b5 14.Nxe7+ Qxe7 15.g5 Bb7
16.f3 Rac8 17.Kb1 Ne5 18.Bd4 Ncd7 19.h4 b4 20.Na4 Bc6 21.Qf2 Bxa4 22.Bxa4 Nc5
23.Bxc5 Rxc5 24.f4 Nc4 25.Bb3  1/2-1/2

[Event "Prague zt"]
[Site "Prague"]
[Date "1985.??.??"]
[Round "11"]
[White "Sznapik, Aleksander"]
[Black "Donchev, Dimitar I"]
[Result "1-0"]
[WhiteElo "2450"]
[BlackElo "2450"]

1.e4 c5 2.Nf3 Nc6 3.d4 cxd4 4.Nxd4 e6 5.Nc3 a6 6.Be2 Nge7 7.Be3 Nxd4 8.Qxd4 b5
9.O-O Nc6 10.Qd2 Be7 11.Rad1 O-O 12.Bf4 Qa5 13.a3 Rd8 14.Bd6 Bb7 15.Bxe7 Nxe7
16.Qg5 f6 17.Qc5 Nc6 18.Rd6 Rac8 19.Rfd1 Nb8 20.Qe3 Rc6 21.R6d4 Qb6 22.Qh3 Qc5
23.Nd5 exd5 24.exd5 Rd6 25.c4 bxc4 26.Rxc4 Qa5 27.Rh4 h6 28.Rxh6 Rxd5 29.Rh8+ Kf7
30.Bc4 Ke7 31.Bxd5 Bxd5 32.Rxd8 Be6 33.Re8+  1-0

[Event "Sarajevo"]
[Site "Sarajevo"]
[Date "1985.??.??"]
[Round "13"]
[White "Velimirovic, Dragoljub"]
[Black "Andersson, Ulf"]
[Result "1/2-1/2"]
[WhiteElo "2500"]
[BlackElo "2575"]

1.e4 c5 2.Nf3 e6 3.d4 cxd4 4.Nxd4 Nc6 5.Nc3 a6 6.Be2 Nge7 7.O-O Nxd4 8.Qxd4 Nc6
9.Qd3 Qc7 10.Bg5 Bd6 11.Kh1 f6 12.Bh4 Ne5 13.Qd2 b5 14.Rad1 Be7 15.Bh5+ g6
16.Be2 O-O 17.f4 Nc4 18.Bxc4 Qxc4 19.e5 Rf7 20.exf6 Bb4 21.Qe2 Qxe2 22.Nxe2 Bb7
23.Nd4 Rc8 24.c3 Ba5 25.Nf3 Bxf3 26.Rxf3 Bd8 27.g4 Bxf6 28.Bxf6 Rxf6 29.Rxd7 Rcf8
30.Rd6 e5 31.Rxf6 Rxf6 32.Kg2 exf4 33.g5 Rf5 34.h4 h6 35.gxh6 Kh7 36.Kh3 Kxh6
37.Kg4 Re5 38.Rf2 Re4 39.Rxf4 Re2 40.Rb4 Rg2+ 41.Kf3 Rh2 42.Kg3 Re2 43.a4 bxa4
44.Rxa4 Rxb2 45.Rxa6 Re2 46.Rc6 Re4 47.Rc7 g5 48.hxg5+ Kxg5 49.Kf3 Re5  1/2-1/2